The ideologies of informality: informal urbanisation in the architectural and planning discourses (Record no. 102849)

000 -LEADER
fixed length control field 00450pab a2200157 454500
008 - FIXED-LENGTH DATA ELEMENTS--GENERAL INFORMATION
fixed length control field 180718b2013 xxu||||| |||| 00| 0 eng d
100 ## - MAIN ENTRY--PERSONAL NAME
Personal name Ballegooijen, Jan Van
245 ## - TITLE STATEMENT
Title The ideologies of informality: informal urbanisation in the architectural and planning discourses
260 ## - PUBLICATION, DISTRIBUTION, ETC.
Date of publication, distribution, etc. 2013
300 ## - PHYSICAL DESCRIPTION
Extent p.1794-1810.
650 ## - SUBJECT ADDED ENTRY--TOPICAL TERM
Topical term or geographic name entry element Urbanization
700 ## - ADDED ENTRY--PERSONAL NAME
Personal name Rocco, Roberto
773 ## - HOST ITEM ENTRY
Main entry heading Third World Quarterly
908 ## - PUT COMMAND PARAMETER (RLIN)
Put command parameter N
909 ## -
-- 102851
Holdings
Withdrawn status Lost status Damaged status Not for loan Permanent Location Current Location Date acquired Serial Enumeration / chronology Barcode Date last seen Price effective from Koha item type
        Indian Institute of Public Administration Indian Institute of Public Administration 2018-07-19 Volume no: 34, Issue no: 10 AR103311 2018-07-19 2018-07-19 Articles

Powered by Koha